[Event "Ankara Baskent Univ op 6th"]
[Site "Ankara"]
[Date "2023.08.19"]
[Round "8"]
[White "Erten, Kerem"]
[Black "Javadov, Ramil Javan Oglu"]
[Result "1-0"]
[WhiteElo "2212"]
[BlackElo "2039"]
[PlyCount "47"]
[EventDate "2023.08.15"]
[EventType "swiss"]
[EventRounds "9"]
[EventCountry "TUR"]
[SourceTitle "CBM 215 Extra"]
[Source "ChessBase"]
[SourceDate "2023.09.30"]
[SourceVersion "1"]
[SourceVersionDate "2023.09.30"]
[SourceQuality "1"]

1. e4 d6 2. d4 Nf6 3. Nc3 c6 4. a4 Qc7 5. f4 e5 6. Nf3 Nbd7 7. Bc4 Be7 8. 0-0 0-0 9. Kh1 Nxe4 10. Nxe4 d5 11. fxe5 dxe4 12. Nd2 Nb6 13. Bb3 Be6 14. a5 Nd5 15. Nxe4 Rad8 16. Qe2 h6 17. Bd2 Qd7 18. c4 Nc7 19. Bc3 Qc8 20. Nf6+ gxf6 21. exf6 Bd6 22. Qh5 Bg4 23. Qxh6 Ne6 24. Bc2 1-0

[Event "TUR-chT"]
[Site "Ankara"]
[Date "2023.07.18"]
[Round "9.30"]
[White "Durak, Can"]
[Black "Erten, Kerem"]
[Result "1-0"]
[WhiteElo "2310"]
[BlackElo "2287"]
[PlyCount "61"]
[EventDate "2023.07.10"]
[EventType "team-tourn"]
[EventRounds "11"]
[EventCountry "TUR"]
[SourceTitle "EXT 2024"]
[Source "ChessBase"]
[SourceDate "2023.10.10"]
[SourceVersion "1"]
[SourceVersionDate "2023.10.10"]
[SourceQuality "1"]
[WhiteTeam "Apaydin"]
[BlackTeam "Deniz Su Aquamatch"]
[WhiteTeamCountry "TUR"]
[BlackTeamCountry "TUR"]

1. d4 Nf6 2. c4 g6 3. Nc3 d5 4. cxd5 Nxd5 5. e4 Nxc3 6. bxc3 Bg7 7. Nf3 c5 8. h3 0-0 9. Be2 Nc6 10. Be3 cxd4 11. cxd4 Qa5+ 12. Bd2 Qa3 13. d5 Ne5 14. 0-0 Nxf3+ 15. Bxf3 Re8 16. Rb1 Qxa2 17. Be2 a6 18. Rb6 Bd7 19. Rxb7 Ba4 20. Qe1 e6 21. Bc3 Bh6 22. Rb2 Qa3 23. dxe6 Rxe6 24. Bc4 Bb5 25. Bxe6 Bxf1 26. Bd5 Rc8 27. Rb3 Qd6 28. Qxf1 a5 29. Qa1 Qf4 30. Rb7 Rf8 31. Bxa5 1-0

[Event "TUR-chT"]
[Site "Ankara"]
[Date "2023.07.16"]
[Round "7.6"]
[White "Murzin, Volodar"]
[Black "Erten, Kerem"]
[Result "1-0"]
[WhiteElo "2623"]
[BlackElo "2287"]
[PlyCount "109"]
[EventDate "2023.07.10"]
[EventType "team-tourn"]
[EventRounds "11"]
[EventCountry "TUR"]
[SourceTitle "EXT 2024"]
[Source "ChessBase"]
[SourceDate "2023.10.10"]
[SourceVersion "1"]
[SourceVersionDate "2023.10.10"]
[SourceQuality "1"]
[WhiteTeam "Bayegan Pendik"]
[BlackTeam "Deniz Su Aquamatch"]
[WhiteTeamCountry "TUR"]
[BlackTeamCountry "TUR"]

1. Nf3 Nf6 2. c4 c6 3. g3 g6 4. b3 Bg7 5. Bb2 0-0 6. Bg2 d5 7. 0-0 a5 8. d3 a4 9. Nbd2 Bf5 10. b4 dxc4 11. Nxc4 Na6 12. a3 Be6 13. Na5 c5 14. Nxb7 Qb6 15. Nxc5 Nxc5 16. Bd4 Nfd7 17. bxc5 Nxc5 18. Rb1 Qd6 19. Rb4 Nb3 20. Bxg7 Kxg7 21. Nd2 Ra6 22. Ne4 Qc7 23. Qb1 f6 24. Qb2 Bd7 25. d4 Rd8 26. Rd1 Rc6 27. Rxa4 Rc1 28. Qxb3 Bxa4 29. Qxa4 Ra8 30. Qb3 Rxa3 31. Qxa3 Rxd1+ 32. Bf1 Rxd4 33. Nc5 Qd6 34. Qc3 Rd1 35. Nd3 Qe6 36. Qc2 Ra1 37. Nf4 Qd6 38. e4 Qa6 39. Nd3 Qe6 40. Nc5 Qh3 41. Qc4 Qh5 42. Kg2 Qe5 43. Ne6+ Kh6 44. Be2 Rb1 45. Qd3 Rb2 46. Qe3+ g5 47. Bg4 Rc2 48. h4 Rc3 49. hxg5+ fxg5 50. Qe1 Kg6 51. Bf5+ Kf6 52. Qh1 Rxg3+ 53. fxg3 Qb2+ 54. Kh3 g4+ 55. Bxg4 1-0

[Event "Cesme op-A 9th"]
[Site "Cesme"]
[Date "2023.06.25"]
[Round "9"]
[White "Erten, Kerem"]
[Black "Eke, Salih"]
[Result "1/2-1/2"]
[WhiteElo "2199"]
[BlackElo "2283"]
[PlyCount "84"]
[EventDate "2023.06.19"]
[EventType "swiss"]
[EventRounds "9"]
[EventCountry "TUR"]
[SourceTitle "CBM 214 Extra"]
[Source "ChessBase"]
[SourceDate "2023.07.31"]
[SourceVersion "1"]
[SourceVersionDate "2023.07.31"]
[SourceQuality "1"]

1. e4 c5 2. Nf3 Nc6 3. Bb5 g6 4. Bxc6 dxc6 5. d3 Bg7 6. h3 Nf6 7. Nc3 0-0 8. Be3 b6 9. Qd2 e5 10. Bh6 Qd6 11. Bxg7 Kxg7 12. a4 a5 13. Qg5 Re8 14. Nd2 Ba6 15. 0-0 h6 16. Qe3 Nh5 17. Ne2 Rad8 18. b3 Qf6 19. f4 exf4 20. Nxf4 Nxf4 21. Qxf4 Qxf4 22. Rxf4 Re7 23. Raf1 Rd6 24. h4 b5 25. e5 Rd5 26. Nf3 c4 27. bxc4 bxc4 28. d4 c3 29. Re1 c5 30. Re3 cxd4 31. Rxd4 Rc5 32. h5 g5 33. Kf2 Bb7 34. Rdd3 Bxf3 35. gxf3 Rc4 36. Rxc3 Rxa4 37. Rc5 Rh4 38. Rxa5 Rh2+ 39. Kg3 Rxc2 40. f4 gxf4+ 41. Kxf4 Rf2+ 42. Rf3 Rxf3+ 1/2-1/2

[Event "Ayvalik Kadife"]
[Site "Ayvalik"]
[Date "2023.04.19"]
[Round "7.1"]
[White "Erten, Kerem"]
[Black "Schekachikhin, Maksim"]
[Result "0-1"]
[WhiteElo "2206"]
[BlackElo "2376"]
[PlyCount "84"]
[EventDate "2023.04.15"]
[EventType "schev"]
[EventRounds "9"]
[EventCountry "TUR"]
[SourceTitle "CBM 213 Extra"]
[Source "ChessBase"]
[SourceDate "2023.05.31"]
[SourceVersion "1"]
[SourceVersionDate "2023.05.31"]
[SourceQuality "1"]
[WhiteTeam "Team A"]
[BlackTeam "Team B"]
[WhiteTeamCountry "TUN"]
[BlackTeamCountry "TUR"]

1. e4 c5 2. Nf3 Nc6 3. Bb5 g6 4. Bxc6 dxc6 5. d3 Qc7 6. a4 a5 7. Na3 e5 8. Nc4 f6 9. Be3 Nh6 10. 0-0 Be6 11. h3 Nf7 12. Nfd2 g5 13. g4 h5 14. f3 0-0-0 15. Kg2 Rh7 16. Qe2 Nh8 17. Qf2 Ng6 18. Rh1 Be7 19. b3 Rdh8 20. Rag1 b6 21. Qe2 Kb7 22. Nf1 Bxc4 23. bxc4 Nf4+ 24. Bxf4 exf4 25. Nd2 Bd6 26. Rb1 Rh6 27. Qf2 Ka7 28. Rbf1 Qh7 29. Qg1 Be5 30. Nb3 hxg4 31. hxg4 Rh3 32. Rxh3 Qxh3+ 33. Kf2 Qg3+ 34. Ke2 Rh2+ 35. Kd1 Qxg1 36. Rxg1 Rf2 37. Nd2 Bc3 38. Nf1 Rxf3 39. Ke2 Rh3 40. Kf2 Bd4+ 41. Kg2 Rh4 42. Rh1 f3+ 0-1

[Event "EU-ch U14 30th"]
[Site "Antalya"]
[Date "2022.11.12"]
[Round "7"]
[White "Celik, Hasan Huseyin"]
[Black "Erten, Kerem"]
[Result "1-0"]
[WhiteElo "2376"]
[BlackElo "2106"]
[PlyCount "84"]
[EventDate "2022.11.06"]
[EventType "swiss"]
[EventRounds "9"]
[EventCountry "TUR"]
[SourceTitle "CBM 211 Extra"]
[Source "ChessBase"]
[SourceDate "2023.01.31"]
[SourceVersion "1"]
[SourceVersionDate "2023.01.31"]
[SourceQuality "1"]

1. d4 Nf6 2. c4 g6 3. Nc3 Bg7 4. e4 d6 5. Be2 0-0 6. Be3 Nbd7 7. Nf3 e5 8. d5 a5 9. Nd2 Ne8 10. g4 Nc5 11. h4 f5 12. g5 c6 13. h5 f4 14. Bxc5 dxc5 15. h6 Bh8 16. Rg1 Qe7 17. Bg4 Nd6 18. Bxc8 Raxc8 19. Qe2 Rfd8 20. 0-0-0 Qf7 21. b3 cxd5 22. Nxd5 b5 23. Nc3 a4 24. cxb5 axb3 25. axb3 c4 26. Nxc4 f3 27. Qd3 Qa7 28. Qe3 Qa8 29. Rxd6 Qa1+ 30. Kc2 Qxg1 31. Rxd8+ Rxd8 32. b6 Rd7 33. Qc5 Rd4 34. b7 Qxf2+ 35. Kc1 Qe1+ 36. Kb2 Rd8 37. Qd5+ Rxd5 38. b8Q+ Kf7 39. Nxd5 Qf2+ 40. Ka3 Qc5+ 41. Qb4 Qa7+ 42. Qa5 Qd7 1-0

[Event "EU-ch U14 30th"]
[Site "Antalya"]
[Date "2022.11.09"]
[Round "4"]
[White "Gurel, Ediz"]
[Black "Erten, Kerem"]
[Result "1-0"]
[WhiteElo "2449"]
[BlackElo "2106"]
[PlyCount "115"]
[EventDate "2022.11.06"]
[EventType "swiss"]
[EventRounds "9"]
[EventCountry "TUR"]
[SourceTitle "CBM 211 Extra"]
[Source "ChessBase"]
[SourceDate "2023.01.31"]
[SourceVersion "1"]
[SourceVersionDate "2023.01.31"]
[SourceQuality "1"]

1. e4 e5 2. Nf3 Nc6 3. Bb5 Nf6 4. 0-0 Nxe4 5. Re1 Nd6 6. Nxe5 Be7 7. Bf1 Nxe5 8. Rxe5 0-0 9. d4 Bf6 10. Bd3 Bxe5 11. dxe5 Ne8 12. Nc3 Qh4 13. g3 Qh3 14. Nd5 d6 15. exd6 Nxd6 16. Nxc7 Bg4 17. f3 Qh5 18. Nxa8 Bxf3 19. Qf1 Ne4 20. Be3 Rxa8 21. Re1 f5 22. Bf4 Rd8 23. h3 Nc5 24. Bc4+ Kh8 25. Bc7 Rc8 26. Re5 Nd7 27. Re7 Bc6 28. Bf4 Nf6 29. Bf7 Qf3 30. Qxf3 Bxf3 31. c3 Rd8 32. Be5 Bc6 33. Be6 Re8 34. Bxf6 gxf6 35. Rxe8+ Bxe8 36. Bxf5 Kg7 37. Kf2 h6 38. Ke3 Kf7 39. Kd4 Ke7 40. c4 Kd6 41. Be4 b6 42. b4 Bf7 43. Bd5 Be8 44. g4 Bg6 45. c5+ Kc7 46. Ke3 bxc5 47. bxc5 Be8 48. c6 Kd6 49. Ke4 Bg6+ 50. Kf4 Bb1 51. a3 a5 52. h4 Bh7 53. h5 Kc7 54. Bf7 Kxc6 55. Bg6 Bg8 56. Kf5 Kc5 57. Kxf6 Kc4 58. Bf7+ 1-0

[Event "EU-ch U14 30th"]
[Site "Antalya"]
[Date "2022.11.07"]
[Round "2"]
[White "Cekicoglu, Baris"]
[Black "Erten, Kerem"]
[Result "0-1"]
[WhiteElo "1559"]
[BlackElo "2106"]
[PlyCount "86"]
[EventDate "2022.11.06"]
[EventType "swiss"]
[EventRounds "9"]
[EventCountry "TUR"]
[SourceTitle "EXT 2024"]
[Source "ChessBase"]
[SourceDate "2023.10.10"]
[SourceVersion "1"]
[SourceVersionDate "2023.10.10"]
[SourceQuality "1"]

1. c4 Nf6 2. Nc3 g6 3. e4 d6 4. d4 Bg7 5. Be2 0-0 6. Bg5 c5 7. dxc5 Qa5 8. Bd2 Qxc5 9. Nf3 Bg4 10. Be3 Qa5 11. 0-0 Nc6 12. a3 Bxf3 13. Bxf3 Ne5 14. Be2 Rfc8 15. b4 Qc7 16. Rc1 Qd7 17. c5 dxc5 18. Bxc5 Qe6 19. f4 Rd8 20. Qc2 Nc6 21. Rfd1 Nd7 22. Bf2 Nb6 23. Nb5 Rxd1+ 24. Rxd1 Rc8 25. Qb1 Na4 26. h3 h5 27. Qc2 Nb6 28. Qb1 Bh6 29. Bg3 a6 30. Nc3 Nd4 31. Rxd4 Rxc3 32. Bd3 h4 33. Rd8+ Kh7 34. Be1 Rb3 35. Qc1 Qf6 36. Bd2 e5 37. Bc2 Rxh3 38. Rb8 Rg3 39. Rxb7 exf4 40. e5 Qe6 41. Be4 Qxe5 42. Bf3 Qd4+ 43. Kh1 h3 0-1

[Event "EU-ch Schools U13"]
[Site "Tornelo INT"]
[Date "2021.12.04"]
[Round "3"]
[White "Erten, Kerem"]
[Black "Giorgadze, Giorgi2222"]
[Result "1/2-1/2"]
[WhiteElo "2010"]
[BlackElo "1703"]
[PlyCount "92"]
[EventDate "2021.12.03"]
[EventType "swiss (rapid)"]
[EventRounds "7"]
[EventCountry "NET"]
[SourceTitle "EXT 2023"]
[Source "ChessBase"]
[SourceDate "2022.10.05"]
[SourceVersion "1"]
[SourceVersionDate "2022.10.05"]
[SourceQuality "1"]

1. e4 e6 2. d4 d5 3. e5 c5 4. c3 Nc6 5. Nf3 Qb6 6. Be2 cxd4 7. cxd4 Nh6 8. Bxh6 Qxb2 9. Nc3 Qxc3+ 10. Bd2 Qa3 11. 0-0 Bb4 12. Bxb4 Qxb4 13. Rb1 Qe7 14. Bd3 0-0 15. Qc2 h6 16. Qd2 b6 17. Rbc1 Bb7 18. Bb1 Rac8 19. h4 Ba6 20. Rfe1 Na5 21. h5 Qd7 22. Nh2 Qe7 23. Nf3 Qd7 24. Nh2 Qe7 25. Rxc8 Rxc8 26. Rc1 Rxc1+ 27. Qxc1 Kf8 28. Qc2 Ke8 29. Nf3 Kd8 30. Qh7 Qf8 31. Bc2 Nc4 32. Bb3 Bb5 33. Ne1 Ba6 34. Nc2 Nd2 35. Ne3 Nxb3 36. axb3 Ke8 37. g3 Kd7 38. Ng2 Bb5 39. Nf4 a5 40. Qc2 Qc8 41. Qh7 Qf8 42. Kh2 Bc6 43. Qc2 Qb4 44. Qh7 Qf8 45. Nd3 Bb5 46. Nf4 Bc6 1/2-1/2

[Event "EU-ch Schools U13"]
[Site "Tornelo INT"]
[Date "2021.12.03"]
[Round "2"]
[White "Erten, Kerem"]
[Black "Neronov, Mark V"]
[Result "0-1"]
[WhiteElo "2010"]
[BlackElo "1572"]
[PlyCount "154"]
[EventDate "2021.12.03"]
[EventType "swiss (rapid)"]
[EventRounds "7"]
[EventCountry "NET"]
[SourceTitle "EXT 2023"]
[Source "ChessBase"]
[SourceDate "2022.10.05"]
[SourceVersion "1"]
[SourceVersionDate "2022.10.05"]
[SourceQuality "1"]

1. e4 c6 2. d4 d5 3. Nd2 dxe4 4. Nxe4 Nd7 5. c3 Ngf6 6. Bd3 Nxe4 7. Bxe4 Nf6 8. Bc2 Bg4 9. Ne2 e6 10. f3 Bh5 11. Nf4 Bg6 12. Nxg6 hxg6 13. Bf4 Bd6 14. Qd2 Qc7 15. Bxd6 Qxd6 16. g3 Qxg3+ 17. hxg3 Rxh1+ 18. Ke2 Rxa1 19. Bb3 Rh1 20. Qf4 0-0-0 21. g4 Rd7 22. Qe5 Rb1 23. Qc5 Rxb2+ 24. Kd3 a6 25. Qf8+ Kc7 26. Qxg7 Ne8 27. Qe5+ Nd6 28. Qa5+ Kc8 29. Qe5 b5 30. Qc5 Kb7 31. Ke3 Rh2 32. a4 Rb2 33. Qa3 Rb1 34. Kd3 Rf1 35. Ke2 Rh1 36. a5 Rb1 37. Kd3 Nc8 38. Bc2 Rh1 39. Qc5 Rh8 40. Ke3 Rd5 41. Qb4 Nd6 42. Be4 Nc4+ 43. Kf4 Rd7 44. Kg3 Rh1 45. Bd3 Nd6 46. Qc5 Nc8 47. Be4 Rc7 48. Qb4 Rg1+ 49. Kf4 Ra1 50. Bc2 Ne7 51. c4 Ra2 52. Bb3 c5 53. dxc5 Nc6 54. Qe1 Rxa5 55. cxb5 Rxb5 56. Qc3 e5+ 57. Kg3 a5 58. Bd5 Ka7 59. Qc4 Nd4 60. c6 Kb6 61. Bxf7 Rxc6 62. Qd3 a4 63. Qe3 Rf6 64. Qe4 Rxf3+ 65. Kh4 Rxf7 66. Qxg6+ Nc6 67. Qxf7 e4 68. Qf2+ Kc7 69. g5 Re5 70. g6 e3 71. Qf7+ Ne7 72. Qc4+ Kd6 73. Qd4+ Nd5 74. g7 e2 75. g8Q e1Q+ 76. Qg3 Qh1+ 77. Kg4 Qh5# 0-1

[Event "EU-ch Schools U13"]
[Site "Tornelo INT"]
[Date "2021.12.03"]
[Round "1"]
[White "Neronov, Mark V"]
[Black "Erten, Kerem"]
[Result "1/2-1/2"]
[WhiteElo "1572"]
[BlackElo "2010"]
[PlyCount "90"]
[EventDate "2021.12.03"]
[EventType "swiss (rapid)"]
[EventRounds "7"]
[EventCountry "NET"]
[SourceTitle "EXT 2023"]
[Source "ChessBase"]
[SourceDate "2022.10.05"]
[SourceVersion "1"]
[SourceVersionDate "2022.10.05"]
[SourceQuality "1"]

1. d3 e5 2. g3 g6 3. Nf3 Bg7 4. Bg2 Nc6 5. 0-0 d6 6. c4 f5 7. Nc3 Nf6 8. b3 0-0 9. Bb2 h6 10. e3 g5 11. d4 e4 12. Nd2 Qe7 13. a3 Bd7 14. b4 Rae8 15. c5 d5 16. f4 exf3 17. Rxf3 Be6 18. b5 Nd8 19. Qb3 Ne4 20. Qc2 c6 21. a4 Qd7 22. Rff1 Nxc3 23. Bxc3 Bf7 24. Rfe1 Bg6 25. Qb3 Kh7 26. Nf3 Re7 27. Bd2 Rfe8 28. b6 a6 29. h4 Nf7 30. hxg5 hxg5 31. Kf2 Bf6 32. Rh1+ Kg7 33. Rae1 Nh6 34. Ne5 Bxe5 35. dxe5 Ng4+ 36. Kg1 d4 37. Rd1 Rxe5 38. Bc3 Nxe3 39. Rxd4 Qe7 40. Rd6 Ng4 41. Bxe5+ Qxe5 42. Rd7+ Kf6 43. Rd6+ Kg7 44. Rd7+ Kf6 45. Rd6+ Kg7 1/2-1/2

[Event "TUR-chT 1st League"]
[Site "Konya"]
[Date "2019.07.27"]
[Round "8.9"]
[White "Erten, Kerem"]
[Black "Sat, Eray"]
[Result "1/2-1/2"]
[WhiteElo "1750"]
[BlackElo "1723"]
[PlyCount "98"]
[EventDate "2019.07.22"]
[EventType "team-swiss"]
[EventRounds "9"]
[EventCountry "TUR"]
[SourceTitle "CBM 191 Extra"]
[Source "ChessBase"]
[SourceDate "2019.09.30"]
[SourceVersion "1"]
[SourceVersionDate "2019.09.30"]
[SourceQuality "1"]
[WhiteTeam "Karaman Saglik"]
[BlackTeam "Yalova Belediye"]
[WhiteTeamCountry "TUR"]
[BlackTeamCountry "TUR"]

1. e4 c5 2. b3 Nc6 3. Bb2 a6 4. g3 d6 5. Bg2 Nf6 6. Nc3 e6 7. f4 Be7 8. Nf3 Qc7 9. 0-0 Bd7 10. d3 0-0-0 11. Qd2 Kb8 12. a3 h5 13. Rae1 Ng4 14. h3 Nh6 15. Qf2 Rhg8 16. Ne2 f6 17. d4 cxd4 18. Nfxd4 g5 19. Nxc6+ Bxc6 20. Nd4 Bd7 21. fxg5 fxg5 22. Qd2 Rdf8 23. Kh1 Nf7 24. Ne2 Ne5 25. Rd1 Bc8 26. Nd4 Ng6 27. Ne2 Qd8 28. Qe3 Qc7 29. c4 Ne5 30. Bd4 Bd7 31. Rxf8+ Rxf8 32. c5 Bc6 33. cxd6 Bxd6 34. Qxg5 Nf3 35. Qxh5 Bxe4 36. Rf1 Qc6 37. Be3 Ka8 38. Bf4 Bxf4 39. Nxf4 Nd2 40. Rg1 Nf3 41. Rf1 Nh4 42. Rg1 Bxg2+ 43. Nxg2 Nxg2 44. Rxg2 Rf1+ 45. Kh2 Qc1 46. Qh8+ Ka7 47. Qd4+ Ka8 48. Qd8+ Ka7 49. Qd4+ Ka8 1/2-1/2

[Event "TUR-chT 1st League"]
[Site "Konya"]
[Date "2019.07.26"]
[Round "7.9"]
[White "Erten, Kerem"]
[Black "Eldemir, Goksu"]
[Result "0-1"]
[WhiteElo "1750"]
[BlackElo "1877"]
[PlyCount "82"]
[EventDate "2019.07.22"]
[EventType "team-swiss"]
[EventRounds "9"]
[EventCountry "TUR"]
[SourceTitle "CBM 191 Extra"]
[Source "ChessBase"]
[SourceDate "2019.09.30"]
[SourceVersion "1"]
[SourceVersionDate "2019.09.30"]
[SourceQuality "1"]
[WhiteTeam "Karaman Saglik"]
[BlackTeam "Denizli Metin Surmeli"]
[WhiteTeamCountry "TUR"]
[BlackTeamCountry "TUR"]

1. e4 c5 2. b3 d6 3. Bb5+ Nd7 4. Bb2 a6 5. Bxd7+ Bxd7 6. f4 e6 7. Nf3 Nf6 8. d3 Be7 9. 0-0 Qc7 10. Nbd2 Bc6 11. Qe2 0-0-0 12. a4 Rhg8 13. Nc4 Nd7 14. a5 h6 15. Ncd2 Rdf8 16. e5 Nxe5 17. Nxe5 dxe5 18. Nc4 f6 19. Bc3 Kb8 20. Ra2 h5 21. Qe3 Ka7 22. Qg3 Ka8 23. Qe3 Ka7 24. Qh3 Ka8 25. Qe3 Bb5 26. Rf3 Ka7 27. Nb6 Kb8 28. Kh1 Bc6 29. Qf2 Qd6 30. Bb2 Rc8 31. Nc4 Qc7 32. Ba3 Bd7 33. Qe3 Bd6 34. Nb6 Qc6 35. Nc4 Qc7 36. Qe1 g5 37. Bb2 h4 38. Qa1 Ka7 39. Ne3 g4 40. Rf1 f5 41. fxe5 Bxe5 0-1

[Event "Wch U10"]
[Site "Santiago de Compostela"]
[Date "2018.11.14"]
[Round "10"]
[White "Erten, Kerem"]
[Black "Emrikian, Aren C"]
[Result "1-0"]
[WhiteElo "1807"]
[BlackElo "1685"]
[PlyCount "155"]
[EventDate "2018.11.04"]
[EventType "swiss"]
[EventRounds "11"]
[EventCountry "ESP"]
[SourceTitle "EXT 2022"]
[Source "ChessBase"]
[SourceDate "2021.10.06"]
[SourceVersion "1"]
[SourceVersionDate "2021.10.06"]
[SourceQuality "1"]

1. Nf3 d5 2. b3 c5 3. e3 Nc6 4. Bb5 Bd7 5. Bb2 e6 6. 0-0 Nf6 7. Bxc6 Bxc6 8. Ne5 Rc8 9. f4 Be7 10. d3 0-0 11. Nd2 d4 12. e4 Be8 13. a4 Nd7 14. Nxd7 Qxd7 15. Nc4 f6 16. Qf3 Bf7 17. Qg3 Rfe8 18. Rae1 b6 19. Bc1 Qc7 20. Qh3 a6 21. Nd2 Bd6 22. e5 Be7 23. exf6 Bxf6 24. Ne4 Qd8 25. f5 exf5 26. Qxf5 Bg6 27. Nxf6+ Qxf6 28. Qd5+ Bf7 29. Rxe8+ Rxe8 30. Qb7 Qg6 31. Bf4 b5 32. axb5 axb5 33. Bg3 b4 34. Qc7 Bd5 35. Qxc5 Qc6 36. Qxc6 Bxc6 37. Re1 Rd8 38. Re6 Bb5 39. Rd6 Rc8 40. Rd5 Ba6 41. Ra5 Bb7 42. Ra2 Rd8 43. Be5 Rd5 44. Bg3 Bc6 45. Bf2 Kf7 46. Ra7+ Kf8 47. Be1 Rb5 48. Rc7 Be8 49. Rc4 Bf7 50. Rxd4 g6 51. Bxb4+ Ke8 52. g3 Rd5 53. Rxd5 Bxd5 54. Kf2 Kd7 55. Ke3 Kc6 56. c4 Bf7 57. Bc3 Kc7 58. b4 Kc6 59. Kd4 Be6 60. b5+ Kb7 61. Kc5 Kc7 62. d4 Bd7 63. Ba5+ Kc8 64. Kd6 Be8 65. Bd2 Kb7 66. Ke7 h5 67. Kxe8 g5 68. c5 h4 69. gxh4 gxh4 70. Kd7 Kb8 71. b6 h3 72. c6 Ka8 73. b7+ Kb8 74. Bf4+ Ka7 75. b8Q+ Ka6 76. c7 Ka5 77. c8Q Ka4 78. Qa6# 1-0